|
|
แสดงรายละเอียดบรรณานุกรม |
|
|
Brief Record
: Get Marc (ISO 2709)
: E-mail record
: |
| LEADER 00000nama 2200000uu 4500 | |||
| 001 187968 | |||
| 003 ULIBM | |||
| 008 040531s2544 th m m a000 0 tha d | |||
| 020 974-468-098-9 | |||
| 041 tha | |||
| 050 QV89 ส579ท | |||
| 100 สันติ จัยสิน | |||
| 245 เทคนิคการเผยแพร่ความรู้เพื่อป้องกันยาเสพติด 001 | |||
| 260 กรุงเทพฯ ประสานมิตร 2544 | |||
| 300 236 หน้า | |||
| 650 ยาเสพติด | |||
| 998 2002-09-03 | |||
| คุณยังไม่ได้ล็อกอิน คุณสามารถมีกิจกรรมร่วมกับเว็บไซต์ได้ แต่ต้องล็อกอินก่อน :: |
|
| สถานะ | |||||||||
| 1. | หนังสือทั่วไป | QV89 ส579ท 2544 | On Shelf ขอยืม | ||||||
| [แสดง 1/1 รายการ] | |||||||||
BibComment |
| คอมเมนท์ทรัพยากรรายการนี้ |
|
|